000 00751nam a22001937a 4500
999 _c18690
_d18690
003 AR-CdUCM
008 190515b ||||| |||| 00| 0 spa d
040 _aMUNICIPALIDAD PROVINCIAL DEL CUSCO
_cBIBLIOTECA MUNICIPAL DEL CUSCO
082 _a345.702 /
_bQ62
100 _aQuintana, Orlando J
_939427
245 _aManual de Práctica forense /
260 _aBuenos Aires :
_bRoque delpama editor,
_c1958.
300 _a247 paginas ;
_c24 cm.
505 _aContenido: Turnos -- Iniciación del expediente -- Toma de razon y caratula del expediente -- Regimen de notificación -- Comunicación y edictos en materia civil y comercial...
650 _aForense
_939428
650 _aAntropologia
_9878
942 _2ddc
_cLIBROS
945 _apjha
_d2019-05-15